000 00947pam a2200301 a 4500
001 3817
003 BD-RjUL
005 20211208233804.0
008 131221s1983 nyua b 001 0 eng
020 _a0070345848
035 _a(BD-RjUL)3851
040 _aDLC
_cDLC
_dDLC
_dBD-RjUL
_beng
041 _aeng
082 0 0 _a338.9
_219
_bHEE
100 1 _aHerrick, Bruce H.
_912149
245 1 0 _aEconomic development /
_cBruce Herrick, Charles P. Kindleberger.
250 _a4th ed. ,International Student ed.
260 _aSingapore :
_bMcGraw-Hill,
_cc1983 [printing 1984].
300 _axvi, 542 p. :
_bill. ;
_c25 cm.
490 1 _aEconomics handbook series
500 _aIncludes indexes.
504 _aBibliography: p. 523-528.
650 0 _aEconomic development.
_912150
700 1 _aKindleberger, Charles Poor, Jt. auth.
_d1910-
_911733
830 0 _aEconomics handbook series
_9117054
942 _2ddc
_cBK
999 _c3817
_d3817